[Event "Landsturneringen 2017"]
[Site "Clarion Energy Hotel, Stavanger"]
[Date "2017.07.08"]
[Round "9"]
[White "Pettersen, Johan"]
[Black "Jarve, Edvin"]
[Result "1/2-1/2"]
[WhiteElo "1896"]
[BlackElo "1843"]
[PlyCount "49"]
[EventDate "2017.??.??"]
[PlyCount "0"]

1. e4 e6 2. d4 d5 3. Nd2 c5 4. c3 cxd4 5. cxd4 dxe4 6. Nxe4 Nc6 7. Nf3 Bb4+ 8.
Bd2 Bxd2+ 9. Qxd2 Nf6 10. Bd3 O-O 11. O-O Nxe4 12. Bxe4 h6 13. Rac1 Bd7 14.
Rfd1 Qe7 15. d5 exd5 16. Qxd5 Be6 17. Qb5 Rac8 18. a3 Rfd8 19. Re1 a6 20. Qh5
Qf6 21. Rc3 Ne7 22. Qe5 Qxe5 23. Nxe5 Rxc3 24. bxc3 Rc8 25. Bxb7 1/2-1/2
hite "Fossan, Benjamin"]
1/2-1/2

[Event "Landsturneringen 2017"]
[Site "Clarion Energy Hotel, Stavanger"]
[Date "2017.07.08"]
[Round "9"]
[White "Skjølås, Erling Dyrhaug"]
[Black "Reigstad, Erlend"]
[Result "1-0"]
[WhiteElo "1837"]
[BlackElo "1660"]
[PlyCount "39"]
[EventDate "2017.??.??"]
[SourceDate "2017.07.09"]
[PlyCount "0"]

{en [Site "Clarion Energy Hotel, Stavanger"] [Date "2017. 07. 08"] [Round "9"]
Nf3 d6 3. d4 cxd4 4. Nxd4 Nf6 5. Nc3 g6 6. Be3 Bg7 7. f3 Nc6 8. Qd2 O-O 9.
O-O-O d5 10. Kb1 dxe4 11. Nxc6 Qxd2 12. Nxe7+ Kh8 13. Rxd2 exf3 14. Nxc8 fxg2
15. Bxg2 Raxc8 16. Bxb7 Rb8 17. Bf3 Ne4 18. Bxe4 Bxc3 19. Bd4+ Bxd4 20. Rxd4
1-0
andsturneringen 2017"]
1-0